Wigmore on Alcohol Courtroom Alcohol Toxicology for the Medicolegal Professional /

Bibliographic Details
Main Author: Wigmore, James G.
Format: eBook
Language:English
Published: Toronto: Irwin Law Inc., 2011
Subjects:
Online Access:Acceso restringido

MARC

LEADER 00000nam a22000007a 4500
005 20210817223722.0
007 cr|||| ||||
008 210817s2011 ca |||||s|||| 00||0 eng d
020 |a 978-1-55221-230-1 
035 |a 34859 
040 |a vLex 
090 |c 12039  |d 12039 
100 1 |a Wigmore, James G. 
245 1 0 |a Wigmore on Alcohol  |h [Recurso electrn̤ico] :  |b Courtroom Alcohol Toxicology for the Medicolegal Professional /  |c James G. Wigmore 
256 |a Servicio en ln̕ea 
260 |a Toronto:  |b Irwin Law Inc.,  |c 2011 
300 |a 1 recurso electrn̤ico 
506 1 |a Disponible solo en los productos indicados  |d vLex Global  |d vLex Global (Academic Edition, excluding Law Schools)  |d vLex Global (U.S. Academic Edition, Law Schools)  |d vLex Global (U.S. Academic Edition, excluding Law Schools)  |d vLex Global (Academic Edition, Law Schools) 
650 0 4 |a Medicina  |z Canad̀ 
740 0 |a vLex Libros (Servicio en ln̕ea) 
856 4 0 |u https://app.vlex.com/#/sources/34859  |z Acceso restringido 
942 |c BOOK 
999 0 |a Medicine